000 01024cam a22003254a 4500
001 2876
005 20240119143317.0
020 _a9780590059657
040 _aDLC
_cDLC
_dDLC
_beng
050 0 0 _aQL467.O6624
_b 1996
082 0 0 _a595.7
100 1 _aOppenheim, Joanne
245 1 0 _aHave you seen bugs? /
_cJoanne Oppenheim ; illustrated by Ron Broda.
250 _aFirst Scholastic printing , April 1999
260 _aNew York :
_bScholastic ,
_c1996
300 _a31 pages :
_bcolor illustrations ;
_c26 cm.
490 _a Have You Seen ...?
505 _aO
520 _aDescribes in verse a variety of bugs and how they look, behave, and improve our lives.
521 _a610
_bLexile
521 _aO
_bLexile
650 0 _aInsects
_xJuvenile literature.
650 0 _aArthropoda
_xJuvenile literature.
650 1 _aInsects.
650 1 _aSpiders.
650 1 _aArthropods.
700 1 _aBroda, Ron
_eillustrator
906 _a7
_bcbc
_corignew
_d1
_eocip
_f19
_gy-gencatlg
942 _2ddc
_cBK
_n0
999 _c2876
_d2876